000 00706nam a2200241Ia 4500
008 160621s9999 xx 000 0 und d
020 _a978-1-59863-339-9
050 _aComSc TR 267.3
050 _b.A355B53 2007
100 _aBlair, John G.
245 _aAdobe Photoshop lightroom :
245 _bphotographers' guide /
245 _cJohn G. Blair.
260 _aBoston, MA :
260 _bThomson Course Tech.,
260 _c2007
300 _a271 pages :
300 _bcolor illustrations ;
300 _c23 cm.
500 _aIncludes bibliographical references and index.
650 _aAdobe Photoshop Lightroom.
650 _xPhotography -- Digital techniques -- Computer programs.
999 _c296070
_d296070